Power Plant Engineering (Record no. 973)

MARC details
000 -LEADER
fixed length control field 00342nam a2200145Ia 4500
008 - FIXED-LENGTH DATA ELEMENTS--GENERAL INFORMATION
fixed length control field 191201s2003 xx 000 0 und d
082 ## - DEWEY DECIMAL CLASSIFICATION NUMBER
Classification number 621.4
Item number SHP
100 ## - MAIN ENTRY--PERSONAL NAME
Personal name SHARMA, P C
245 #0 - TITLE STATEMENT
Title Power Plant Engineering
250 ## - EDITION STATEMENT
Edition statement 7th
260 ## - PUBLICATION, DISTRIBUTION, ETC. (IMPRINT)
Place of publication, distribution, etc N.Delhi
Name of publisher, distributor, etc S K Kataria and Sons
Date of publication, distribution, etc 2003
300 ## - PHYSICAL DESCRIPTION
Extent 810
650 ## - SUBJECT ADDED ENTRY--TOPICAL TERM
Topical term or geographic name as entry element B.Tech(ME)
942 ## - ADDED ENTRY ELEMENTS (KOHA)
Source of classification or shelving scheme Dewey Decimal Classification
Koha item type Text Books
Holdings
Withdrawn status Lost status Source of classification or shelving scheme Damaged status Not for loan Collection code Home library Current library Date acquired Source of acquisition Cost, normal purchase price Bill Number Total Checkouts Full call number Acc. no. / Barcode Date last seen Date last borrowed Bill Date Koha item type
    Dewey Decimal Classification     B.Tech(ME) PIET C-LIBRARY PIET C-LIBRARY 16/03/2007 UBS, DELHI 165.00 CM 4732 1 621.4 SHP 938 22/06/2020 24/02/2020 22/08/2005 Text Books
    Dewey Decimal Classification     B.Tech(ME) PIET C-LIBRARY PIET C-LIBRARY 16/03/2007 UBS, DELHI 165.00 CM 4732 2 621.4 SHP 939 04/03/2020 25/02/2020 22/08/2005 Text Books
    Dewey Decimal Classification     B.Tech(ME) PIET C-LIBRARY PIET C-LIBRARY 16/03/2007 UBS, DELHI 165.00 CM 4732 1 621.4 SHP 940 13/02/2020 13/02/2020 22/08/2005 Text Books
    Dewey Decimal Classification     B.Tech(ME) PIET C-LIBRARY PIET C-LIBRARY 16/03/2007 UBS, DELHI 165.00 CM 4732 2 621.4 SHP 941 26/03/2021 10/03/2021 22/08/2005 Text Books
    Dewey Decimal Classification     B.Tech(ECE) PIET C-LIBRARY PIET C-LIBRARY 18/08/2005 UBS, DELHI 165.00 125382 2 621.4 SHP 1913 18/03/2021 03/03/2021 18/08/2005 Text Books

Design & Developed by: PIET Central Library
R70 Miles Stone Pattikalyana Samalkha Panipat 132102
mail ID :- [email protected], Phone No:- 0180-2569700 Ex.216